| 000 | 00673nam a2200205 a 4500 | ||
|---|---|---|---|
| 999 |
_c3481 _d3481 |
||
| 001 | 3481 | ||
| 003 | BD-JhCC | ||
| 005 | 20171114085006.0 | ||
| 008 | 171114s bg |||| |||| 000 0 ben d | ||
| 035 | _a(BD-JhCC) 3481 | ||
| 040 |
_aBD-JhCC _dBD-JhCC |
||
| 041 | _aben | ||
| 082 |
_a891.4409 _bCHO |
||
| 100 | _a চৌধুরী, আমির হোসেন | ||
| 245 |
_aনজরুল কাব্যে রাজনীতি / _cআমির হোসেন চৌধুরী |
||
| 260 |
_aঢাকা : _bষ্টুডেন্ট ওয়েজ, |
||
| 300 |
_a৮৪ পৃ. : _c২১ সেমি. |
||
| 650 | _aliterature (political) | ||
| 942 |
_2ddc _cBK |
||